Chaîne de mots "footballeur" - Statistiques

Statistiques générales
  • Ce quiz a été pris 611 fois
  • Le résultat moyen est 24 sur 30
Statistiques - réponses
Indice Footballeur % Correct
Dernier français ballon d'or en 2022 Benzema
98%
Footballeur ayant Pierre-Emerick en prénom Aubameyang
97%
L'un des meilleurs buteurs en Équipe de France avec 57 buts Giroud
97%
Gardien du PSG depuis 2021 Donnarumma
92%
Un norvégien évoluant à Manchester City Haaland
91%
Gardien de l'OL puis Tottenham, il fut champion du monde en 2018 Lloris
90%
Champion du monde 2022 et multiple Ballon d'Or Messi
89%
Marcus et son père Lilian Thuram
88%
En 2006 il met un coup de boule à Materazzi Zidane
88%
Pépite du FC Barcelone vainqueur de l'Euro 2024 Yamal
87%
Gardien allemand occupant à ce jour la meilleur place (3eme au ballon d'or) Neuer
86%
Brésilien ou portugais son nom est très connu Ronaldo
84%
Joueur faisant parti de l'effectif du PSG en 2025 Doué / Dembélé
83%
Géant suédois ayant fait des arts martiaux dans sa jeunesse Ibrahimovic
83%
Sa fondation à permit de construire une école pour filles à Nagrig en Égypte Salah
83%
Joueur polonais du club précédent, et ancien joueur du Bayern de Munich Lewandowski
82%
Il a mordu Chielini lors d'une coupe du monde Suarez
82%
Il remporte la coupe du Monde avec l'Espagne en 2010, et entraîne le Bayer en 2025 Alonso
81%
Champion du monde 1998, et sur le podium du Ballon d'or en 2003 et 2006 Henry
80%
Joueur danois connu pour son arrêt cardiaque en plein match Ériksen
79%
Portugais ayant marqué lors de la finale de l'Euro en 2016 face à la France Eder
78%
Vainqueur de la coupe du monde en 2010 Iniesta
75%
Allemand prénommé Marco, qui s'est blessé juste avant le mondial 2014 gagné par son pays Reus
75%
Gardien du Brésil et vainqueur de la Copa America en 2019 Alisson
73%
Milieu de terrain de l'Équipe de France en 2018 Nzonzi
63%
Gardien ayant remporté 7 titres de champion de France avec l'Olympique Lyonnais Coupet
59%
Joueur américain jouant au LOSC David
57%
Champion du monde allemand en 2014 Özil
57%
Argentin ayant joué à Monaco, Marseille puis Seville Ocampos
49%
Nom anglophone de 178 footballeurs Smith
34%
Aucun quiz correspondant
Distribution des résultats
% des personnes avec chaque résultat
Percentile par nombre de réponses
Votre historique - résultats
Vous n’avez pas pris ce quiz